Introduction to medical imaging (Record no. 39304)

000 -LEADER
fixed length control field 00626nam a22002177a 4500
001 - CONTROL NUMBER
control field 39304
003 - CONTROL NUMBER IDENTIFIER
control field BD-DhUET
008 - FIXED-LENGTH DATA ELEMENTS--GENERAL INFORMATION
fixed length control field 160816b xxu||||| |||| 00| 0 eng d
020 ## - INTERNATIONAL STANDARD BOOK NUMBER
International Standard Book Number 9780521190657
040 ## - CATALOGING SOURCE
Transcribing agency 0
Modifying agency BD-DhUET
082 ## - DEWEY DECIMAL CLASSIFICATION NUMBER
Classification number 616.0754
Item number SMI/2011
100 ## - MAIN ENTRY--PERSONAL NAME
Personal name Smith, Nadine Barrie
245 ## - TITLE STATEMENT
Title Introduction to medical imaging
Remainder of title physics, engineering and clinical applications
250 ## - EDITION STATEMENT
Edition statement 1st ed.
260 ## - PUBLICATION, DISTRIBUTION, ETC. (IMPRINT)
Place of publication, distribution, etc. Cambridge
Name of publisher, distributor, etc. Cambridge University Press
Date of publication, distribution, etc. 2011
300 ## - PHYSICAL DESCRIPTION
Extent xii,286p.
504 ## - BIBLIOGRAPHY, ETC. NOTE
Bibliography, etc Includes bibliographies
650 #0 - SUBJECT ADDED ENTRY--TOPICAL TERM
Topical term or geographic name as entry element Diagnostic imaging-Digital techniques
700 ## - ADDED ENTRY--PERSONAL NAME
Personal name Webb, Andrew
942 ## - ADDED ENTRY ELEMENTS (KOHA)
Koha item type General Book
Holdings
Koha out on loan Koha renewals Sublocation or collection (holding branch) Date acquired Copy number Koha date last seen Lost status Damaged status Price effective from Koha full call number Koha item type Koha normalized classification for sorting Koha issues (times borrowed) Piece designation (barcode) Source of classification or shelving scheme Withdrawn status Not for loan Location (home branch) Shelving location Koha date last borrowed
2025-11-292Central Library, BUET2016-08-1612022-02-26  2016-08-16616.0754/SMI/2011General Book616_075400000000000_SMI_20112114673   Central Library, BUETCirculation section2022-02-26
  Central Library, BUET2016-08-1622016-08-16  2016-08-16616.0754/SMI/2011General Book616_075400000000000_SMI_2011 114674   Central Library, BUETCirculation section 
2026-11-29 Central Library, BUET2025-04-3032025-11-29  2025-07-02616.0754/SMI/2011General Book616_075400000000000_SMI_20111120320   Central Library, BUETCirculation section2025-11-29
  Central Library, BUET2025-04-3042025-07-02  2025-07-02616.0754/SMI/2011General Book616_075400000000000_SMI_2011 120321   Central Library, BUETCirculation section 
  Central Library, BUET2025-04-3052025-07-02  2025-07-02616.0754/SMI/2011General Book616_075400000000000_SMI_2011 120322   Central Library, BUETCirculation section